000
00338 a2200157 4500
001
163965
020
_a
85-89020-03-7
040
_c
Magnum
100
_a
Nunes, Lygia Bojunga
240
1
0
_a
A bolsa amarela
_l
por
245
1
0
_a
A bolsa amarela
300
_a
135
362
0
_a
2013
697
_a
LITERATURA INFANTO-JUVENIL
942
_c
BK
999
_c
163965
_d
163965